| 000 | nam a22 a 4500 | ||
|---|---|---|---|
| 999 |
_c2565 _d2565 |
||
| 005 | 20170517112429.0 | ||
| 008 | 170517b1999 enk||||| |||| 00| 0 eng d | ||
| 020 | _a0751306711 | ||
| 040 | _aAKMAL | ||
| 082 | _a616.833 PEA | ||
| 090 |
_a616.833 _bPEA |
||
| 100 |
_aPearce, John _d1936- _95351 |
||
| 245 |
_aThe British Medical Association family doctor guide to Parkinson's disease / _cJohn M.S. Pearce ; medical editor, Tony Smith. |
||
| 246 | _aFamily doctor guide to Parkinson's disease | ||
| 260 |
_aLondon _bDorling Kindersley _c1999. |
||
| 300 |
_a80p. _bcol.ill. _c21cm |
||
| 500 | _aIncludes index. | ||
| 500 | _aSpine title: Family doctor guide to Parkinson's disease. | ||
| 650 |
_aParkinson's disease _vPopular works. _95352 |
||
| 700 |
_aSmith, Tony _cDr. _95251 |
||
| 942 |
_2ddc _cBOOK |
||